To build a fire and other stories ( For students of English as a foreign language )

में बचाया:
ग्रंथसूची विवरण
मुख्य लेखक: London, Jack
स्वरूप: पुस्तक
भाषा:Undetermined
प्रकाशित: Washington, D.C. United States Information Agency 2005
विषय:
टैग : टैग जोड़ें
कोई टैग नहीं, इस रिकॉर्ड को टैग करने वाले पहले व्यक्ति बनें!
Thư viện lưu trữ: Trung tâm Học liệu Trường Đại học Cần Thơ
LEADER 00603nam a2200193Ia 4500
001 CTU_125645
008 210402s9999 xx 000 0 und d
082 |a 428.64 
082 |b L847 
100 |a London, Jack 
245 0 |a To build a fire and other stories ( For students of English as a foreign language ) 
245 0 |c Jack London 
260 |a Washington, D.C. 
260 |b United States Information Agency 
260 |c 2005 
650 |a English language,English language 
650 |x Readers,Study and teaching 
904 |i Minh 
980 |a Trung tâm Học liệu Trường Đại học Cần Thơ